| 000 | 00828nam a22002297a 4500 | ||
|---|---|---|---|
| 003 | DO-SdBNP | ||
| 005 | 20180213151320.0 | ||
| 008 | 171101b 2006 dr |||| |||| 00| 0 spa d | ||
| 020 | _a9789993479963 | ||
| 040 |
_aBPMSU _bspa _cBPMSU |
||
| 100 | 1 | _aGómez Montero, Franklín J. | |
| 245 | 1 | 0 |
_aManual de prácticas investigación biomédica : _ben el contexto post-moderno / _cFranklín J. Gómez Montero, Manuel E. Colome Hidalgo, Héctor A. Madera Rosario |
| 260 |
_aSanto Domingo : _bBúho, _c2006. |
||
| 300 |
_a98 p. ; _c26 cm. |
||
| 500 | _aLa biblioteca posee la primera reimpresión del 2015. | ||
| 504 | _aBibliografía : p. 97 | ||
| 700 | 1 | _aColomé Hidalgo, Manuel E. | |
| 700 | 1 | _aMadera Rosario, Héctor A. | |
| 942 |
_2ddc _cBK |
||
| 945 | _aInventariado, 2018 /LP | ||
| 956 |
_aBTAVAREZ _b10 _c20170111 _d0038 |
||
| 999 |
_c12740 _d12740 |
||